01015cam 22002774a 45000010009000000050017000090080041000269060045000679250044001129550164001560100017003200200015003370400018003520420008003700500028003780820016004061000025004222450066004472460025005132600039005383000033005775000020006106500036006306500037006660990034007031261960120030210082351.0011213s2002 inua 001 0 eng  a7bcbccorignewd2eepcnf20gy-gencatlg0 aacquireb2 shelf copiesxpolicy default apc03 2001-12-13apv11 2002-06-06 to ASCDajf00 2002-06-10ijf09 2002-06-19 to slejf25 2002-06-21 to Deweyaaa05 2002-07-23; copy 2 added jf16 to BCCD 02-10-03 a 2001099408 a0789727315 aDLCcDLCdDLC apcc00aQA76.76.H94bH6532 200200a005.7/22211 aHolzschlag, Molly E.10aSpecial edition using HTML and XHTML /cMolly E. Holzschlag.30aUsing HTML and XHTML aIndianapolis, Ind. :bQue,cc2002. axi, 700 p. :bill. ;c24 cm. aIncludes index. 0aHTML (Document markup language) 0aXHTML (Document markup language) aholzschlag-special-1071339797